000 00863nam a2200241Ia 4500
003 OSt
005 20220923220803.0
006 a|||||r|||| 00| 0
007 ta
008 220922b |||||||| |||| 00| 0 hin d
024 _a190,443
037 _cTextual
040 _aARTS
_cARTS
_bhin
041 _2hin
_ahin
082 _aR6v, 152L3.2
100 _aदासगुप्त, एस एन
245 0 _aभारतीय दर्शन का इतिहास, अनु एम पी व्यास
246 _aBhāratīya darshan kā itihāsa, anu0 em pī vyāsa
260 _aजयपुर
_b राजस्थान हिन्दी ग्रंथ अकादमी
_c1973
300 _a504पृ.
_ccm.
942 _hR6v, 152L3.2
_cTEXL
_2CC
999 _c343218
_d343218